000
00280nam a22001217a 4500
082
_a
158
_b
BRA/B
100
_a
BRAGDON, ALLEN D.
245
_a
BUILDING LEFT BRAIN POWER
260
_a
NEW DELHI
_b
VIVA BOOKS
300
_a
311
650
_a
PERSONALITY DEVELOPMENT
_z
DELHI
942
_c
BK
999
_c
5144
_d
5144